| 000 | 00875cam a2200277 4500 | ||
|---|---|---|---|
| 999 |
_c332150 _d332150 |
||
| 003 | Nust | ||
| 005 | 20171115115605.0 | ||
| 008 | 170216b xxu||||| |||| 00| 0 eng d | ||
| 020 | _a0875532233 | ||
| 040 | _c0 | ||
| 082 | _a628.4 STA | ||
| 245 | 0 | 0 |
_aStandard methods for the examination of water and wastewater. _cPrepared and published jointly by American Public Health Assoc., American Water Works Assoc. water environment federation _bjoint Editorial board, Andrew D.Eaton, |
| 250 | _a19th ed. | ||
| 260 |
_aWashington, _c1995. _bAPHA |
||
| 300 |
_aVarious pages. _billus. _c24 cm. |
||
| 500 | _aIncludes index. | ||
| 501 | _aH.B | ||
| 650 | 0 |
_aWater _xAnalysis. _96133 |
|
| 650 | 0 |
_aSewage _xAnalysis. _96391 |
|
| 650 | 0 |
_aMCE _9379 |
|
| 650 | 2 |
_aSewage _xanalysis. _96392 |
|
| 650 | 2 |
_aWater Microbiology _95836 |
|
| 650 | 2 |
_aWater Pollution. _95924 |
|
| 650 | 7 |
_aBiologia Aquatica _96393 |
|
| 650 | 7 |
_aTratamento E Qualidade Da Agua _96394 |
|
| 942 |
_cBK _2ddc _kIESE |
||